Word Ladder: This Means War Quiz Stats

 Plays Quiz Updated Apr 21, 2012

Support Sporcle.
Go Orange.
Score 0/13 Timer 02:00
1 Play Today
Clue Word % Correct
Fright, terrifySCARE
87.7%
Candid or Lloyd WrightFRANK
81.7%
★ _____ States vs. Free States: conflict that finally bubbled over and helped thrust the U.S. into The Civil War ★SLAVE
79.2%
★ _____ Ferdinand: Austrian Archduke whose assassination led to the outbreak of World War I ★FRANZ
76.9%
Jack-in-the-box componentCRANK
75.5%
Lanky birdCRANE
75.4%
A cut of the loot, you might saySHARE
74.3%
Have a strong hankering forCRAVE
73.4%
Pare or make bareSHAVE
65%
One of a pair used as a percussion instrumentCLAVE
62.4%
★ _____ Act 1765: direct tax imposed on the colonies in the years leading up to the American Revolution ★STAMP
60.2%
Amusingly mischievous and lovable rogueSCAMP
52.1%
Cliff at the edge of a plateau or ridgeSCARP
51%

Today's Daily Dose

You're not logged in!

Compare scores with friends on all Sporcle quizzes.
OR
Log In

From the Vault

Disney Trios

by giveupyet

There's no solo shows in the world of Disney.
Remove Ads.
Support Sporcle.
Get the best of Sporcle when you Go Orange. This ad-free experience offers more features, more stats, and more fun while also helping to support Sporcle. Thank you for becoming a member.

Show Comments

Extras

Top Quizzes Today


Score Distribution

Your Account Isn't Verified!

In order to create a playlist on Sporcle, you need to verify the email address you used during registration. Go to your Sporcle Settings to finish the process.

Report this User

Report this user for behavior that violates our Community Guidelines.

Details: